[Event "Hurtigskak-DM 2016"]
[Site "Fredericia"]
[Date "2016.09.25"]
[Round "7"]
[White "Dyrgaard, Kristoffer"]
[Black "Thogersen, Rasmus"]
[Result "1/2-1/2"]
[WhiteElo "2282"]
[BlackElo "2169"]
[PlyCount "142"]
[EventDate "2016.??.??"]

1. e4 c5 2. Nc3 a6 3. Nf3 d6 4. d4 cxd4 5. Nxd4 Nf6 6. Bg5 e6 7. f4 h6 8. Bxf6
Qxf6 9. Qd2 Nc6 10. Nxc6 bxc6 11. O-O-O Qd8 12. Bc4 Be7 13. Kb1 Rb8 14. g4 Qa5
15. Bb3 Bd7 16. h4 c5 17. g5 Rb4 18. a3 Rd4 19. Qe2 Rxd1+ 20. Rxd1 hxg5 21.
hxg5 Bb5 22. Nxb5 axb5 23. c3 g6 24. f5 Kd7 25. fxe6+ fxe6 26. Qg4 c4 27. Bc2
Rh5 28. e5 Rxg5 29. Rxd6+ Bxd6 30. Qxg5 Be7 31. Qxg6 Qc7 32. Qe4 Qc6 33. Qd4+
Qd5 34. Qa7+ Kd8 35. Qb8+ Kd7 36. a4 Bd8 37. axb5 Bc7 38. Qa7 Kc8 39. Qa6+ Kb8
40. b6 Bxe5 41. Ba4 Bf4 42. Qa7+ Kc8 43. Qf7 Be5 44. Ka2 Kb8 45. Qa7+ Kc8 46.
Qe7 Kb8 47. Qe8+ Kb7 48. Bd7 Kxb6 49. Qxe6+ Qxe6 50. Bxe6 Kc5 51. Ka3 Bd6 52.
Ka4 Bc7 53. Bf7 Bd8 54. Bh5 Bc7 55. Bf3 Bd8 56. Ka3 Bc7 57. Ka2 Bf4 58. Kb1 Bg5
59. Kc2 Bf4 60. Be2 Bg5 61. Bxc4 Kxc4 62. b3+ Kb5 63. Kd3 Bf6 64. c4+ Kb4 65.
Ke4 Kxb3 66. c5 Be7 67. c6 Bd6 68. Kd5 Bg3 69. Ke6 Bh2 70. Kd7 Bg3 71. c7 Bxc7
1/2-1/2

[Event "Hurtigskak-DM 2016"]
[Site "Fredericia"]
[Date "2016.09.25"]
[Round "7"]
[White "Skytte, Rasmus"]
[Black "Borovnica, Tihomir"]
[Result "1-0"]
[WhiteElo "2428"]
[BlackElo "2239"]
[PlyCount "81"]
[EventDate "2016.??.??"]

1. e4 e6 2. d4 d5 3. e5 c5 4. c3 Nc6 5. Nf3 Qb6 6. Bd3 Bd7 7. O-O cxd4 8. cxd4
Nxd4 9. Ng5 Nc6 10. Re1 Bc5 11. Qf3 Nh6 12. Nc3 Nd4 13. Qh5 O-O-O 14. Be3 Be8
15. Qd1 Kb8 16. Na4 Bxa4 17. Qxa4 Nc6 18. Bxc5 Qxc5 19. Nf3 Qb4 20. Qd1 Rc8 21.
a3 Qe7 22. b4 f6 23. exf6 gxf6 24. Qd2 Nf7 25. Bb5 Nce5 26. Nd4 Nd6 27. Bf1 Ne4
28. Qf4 Rhg8 29. f3 Ng5 30. Kh1 Rce8 31. Qe3 Qg7 32. Nb5 b6 33. Nd4 Qh6 34. Qf4
Kb7 35. a4 a6 36. Rac1 Rc8 37. Nxe6 Nexf3 38. Rc7+ Ka8 39. Rxc8+ Rxc8 40. gxf3
Rc2 41. Nxg5 1-0

[Event "Hurtigskak-DM 2016"]
[Site "Fredericia"]
[Date "2016.09.25"]
[Round "7"]
[White "Boe, Mads"]
[Black "Moller, Sophus Mechlenburg"]
[Result "1-0"]
[WhiteElo "2422"]
[BlackElo "2016"]
[PlyCount "71"]
[EventDate "2016.??.??"]

1. e4 c5 2. c3 Nf6 3. e5 Nd5 4. d4 cxd4 5. Qxd4 e6 6. Nf3 Nc6 7. Qe4 f5 8. Qe2
Be7 9. g3 O-O 10. Bg2 b6 11. O-O Bb7 12. c4 Nc7 13. Rd1 Na6 14. Nc3 Nc5 15. Rb1
a5 16. Nb5 Ne4 17. Be3 Ba6 18. Rbc1 Rc8 19. a3 Bc5 20. Bxc5 bxc5 21. Nd6 Rb8
22. Rc2 Nxd6 23. Rxd6 Qe7 24. Rcd2 Rb7 25. Qe3 Bxc4 26. Qxc5 Bd5 27. Nd4 Bxg2
28. Kxg2 Nxd4 29. Qxd4 Rfb8 30. Qa4 Rxb2 31. Rxd7 Qc5 32. Rd8+ Qf8 33. Rxf8+
Kxf8 34. Rxb2 Rxb2 35. Qd4 Rb8 36. Qa7 1-0

[Event "Hurtigskak-DM 2016"]
[Site "Fredericia"]
[Date "2016.09.25"]
[Round "7"]
[White "Skovgaard, Ib"]
[Black "Jensen, Jacob Bjerre"]
[Result "1-0"]
[WhiteElo "1997"]
[BlackElo "2098"]
[PlyCount "83"]
[EventDate "2016.??.??"]

1. e4 e6 2. d4 d5 3. Nd2 Nf6 4. e5 Nfd7 5. Bd3 c5 6. c3 Nc6 7. Ndf3 cxd4 8.
cxd4 f6 9. exf6 Qxf6 10. Bg5 Bb4+ 11. Kf1 Qf7 12. Nh3 h6 13. Nh4 Nf8 14. Be3 g5
15. Nf3 g4 16. Ne5 Nxe5 17. dxe5 gxh3 18. Qa4+ Nd7 19. Qxb4 hxg2+ 20. Kxg2 Rg8+
21. Kf1 Qf3 22. Rg1 Rxg1+ 23. Kxg1 Nxe5 24. Bb5+ Kf7 25. Qf4+ Qxf4 26. Bxf4
Nf3+ 27. Kf1 e5 28. Be3 Nxh2+ 29. Kg2 Ng4 30. Rc1 d4 31. Rc7+ Ke6 32. Bd2 Kd6
33. Rc1 Bf5 34. Bb4+ Ke6 35. Rc7 Be4+ 36. f3 Ne3+ 37. Kh2 Bxf3 38. Bd7+ Kf6 39.
Bc8 Rxc8 40. Rxc8 d3 41. Rf8+ Ke6 42. Rxf3 1-0